| 000 | 00354nam a22001337a 4500 | ||
|---|---|---|---|
| 020 | _a9780471434634 | ||
| 040 | _cNust | ||
| 082 |
_a536.2 _bKAV |
||
| 100 |
_aMassoud Kaviany _9125342 |
||
| 245 | _aPrinciples of Heat transfer | ||
| 260 |
_aNew York: _bJohn Wiley and sons Inc, _c2002. |
||
| 650 |
_aPrinciples of Heat transfer _9125343 |
||
| 942 |
_2ddc _cBK |
||
| 999 |
_c611099 _d611099 |
||